000 02383nam a2200469 a 4500
001 00003858
003 DO-SdBNP
005 20180309131909.0
007 00003858
008 091125s2012 dr a 000 0 spa d
020 _a9789945117448
040 _aBPMSU
_bspa
_cBPMSU
082 0 4 _a372.63
_bJ61o 7mo. 2012
100 1 _aJiménez Malena, Martha Ariza
245 1 0 _aOrtografía 7 :
_beducación básica /
_cMartha Ariza Jiménez Malena ; editora María Isabel Incháustegui ; dirección editorial Obdulia García de Escobar ; ilustración Ruddy Núñez.
260 _aSanto Domingo :
_bSantillana,
_c2012.
300 _a55 p. :
_bil. ;
_c28 cm.
490 1 _aInnova
505 0 _gUnidad 1 --
_tDivisión silábica al final del renglón --
_gUnidad 2 --
_tUsos de la mayúscula --
_gUnidad 3 --
_tTilde diacrítica --
_gUnidad 4 --
_tUsos de la "b" y la "v" --
_gUnidad 5 --
_tUsos de la "c" , "z" y "s" --
_gUnidad 6 --
_tUsos de la "h" --
_gUnidad 7 --
_tUsos de la coma --
_gUnidad 8 --
_tUsos de las comillas --
_gUnidad 9 --
_tUsos de los dos puntos --
_gUnidad 10 --
_tUsos de la raya --
_gUnidad 11 --
_tIdeas principales y secundarias --
_gUnidad 12 --
_tLa conexión --
_gUnidad 13 --
_tEl párrafo --
_gUnidad 14 --
_tLa coherencia --
_gUnidad 15 --
_tLa referencia.
650 4 _aESPAÑOL
_xORTOGRAFÍA
_xENSEÑANZA BÁSICA
650 4 _aESPAÑOL
_xORTOGRAFÍA
_xESTUDIOS Y EJERCICIOS
650 4 _aESPAÑOL
_xORTOGRAFÍA
_xEDUCACIÓN BÁSICA
650 4 _aESPAÑOL
_xORTOGRAFÍA
_xLIBROS DE TEXTOS
650 4 _aEDUCACIÓN PRIMARIA
_zREPÚBLICA DOMINICANA
700 1 _aNúñez, Ruddy
_eil.
700 1 _aGarcía de Escobar, Obdulia,
_e ed.
700 1 _aIncháustegui, María Isabel,
_eed.
830 0 _aInnova
910 _aValidado. Control de calidad MFF
930 1 _lBND01
_mLF1
_820091130
_f01
_pHD
_g8732
930 1 _lBND01
_mLF1
_820091130
_f01
_pHD
_g8732
_hv. 2
930 1 _lBND01
_mLF1
_820091130
_f04
_pHD
_g8733
_hv. 3
930 1 _lBND01
_mLF1
_820091204
_f01
_pHD
_g8733
_hv. 4
930 1 _lBND01
_mLF1
_820091204
_f01
_pHD
_g8733
_hv. 5
930 1 _lBND01
_mLF1
_820091204
_f04
_pHD
_g8733
_hv. 6
942 _2ddc
_cBK
945 _aRemanejado para la Bib. BNPHU, 2018/ YL
956 _aDGARCIA
_b10
_c20150813
_lBND01
_h1306
956 _aYLOCKWARD
_b10
_c20150814
_lBND01
_h1409
956 _aVMATEO
_b10
_c20150824
_lBPMSU
_h00151
956 _aLOPEREZ
_b10
_c20160413
_lBPMSU
_h00041
999 _c9739
_d9739